00946nam a2200217 a 450000100100000000500170001000800410002702000180006804000250008608200110011110000250012224500360014726000670018330000210025050000660027159000260033795201240036395201090048795201150059699900170071100004864220201002061309.0190404s2013 dr 000 0 spa d a9789945430219 aDO-SdBNPbspacBNPHU axxbxx1 aKaba, Esthela97605013aEl duendecillo /cEsthela Kaba. a[Santo Domingo], República Dominicana :bLa Escalera,c2013. a218 p. ;c23 cm. aIncluye datos biográficos de la autora en la contracubierta aInventariado, 2019/VM 001054708DSaGRbGRcHDd2019-04-04iLF1l0oxx xxp48642-30r2020-06-25te. 3w2020-06-25yLFDSZPréstamo en sala 0010718PDaPDbPDcHDd2019-04-04iLF1l0oxx xxp48642-10r2020-06-25w2020-06-25yLFPDZNo se presta 0010718PDaPDbPDcHDd2019-04-04iLF1l0oxx xxp48642-20r2020-06-25te. 2w2020-06-25yLFPDZNo se presta c48130d48130